000 00374nam a2200157Ia 4500
003 Ost
005 20260225132552.0
008 260225s9999||||xx |||||||||||||| ||und||
040 _cfsic
041 _afre
082 _a305.23
100 _aFréderic Net
_eAuteur
245 0 _aStructures élémentaires de la signification /
245 0 _cFréderic Net
942 _cكتاب
999 _c34184
_d34184